| 000 | 00000nam 2200000za 4500 |
| 001 | 9.688909 |
| 003 | CaOODSP |
| 005 | 20210624231642 |
| 007 | cr ||||||||||| |
| 008 | 150407s2006 onc|||||o f|0| 0 eng d |
| 020 | |a0-662-44265-2 |
| 040 | |aCaOODSP|beng |
| 043 | |an-cn--- |
| 086 | 1 |aH164-34/2006E-PDF |
| 110 | 1 |aCanada. |bHealth Canada. |bNatural Health Products Directorate. |
| 245 | 10|aCompendium of monographs |h[electronic resource]. |
| 250 | |aVersion 2.1. |
| 260 | |aOttawa : |bHealth Canada, |c2007. |
| 300 | |a33 p. : |btables. |
| 590 | |a12-42-Supp|b2012-11-21 |
| 690 | 07|aHealth care products|2gcpds |
| 775 | 08|tCompendium des monographies |w(CaOODSP)9.633329 |
| 794 | |tCompendium of monographs |w(CaOODSP)9.690489 |
| 856 | 40|ahttp://publications.gc.ca|qPDF|s255 KB|uhttps://publications.gc.ca/collections/collection_2012/sc-hc/H164-34-2006-eng.pdf |